[Event "FICS rated blitz game"]
[Site "FICS freechess.org"]
[Date "2018.01.26"]
[Round "?"]
[White "lopencjo"]
[Black "MERCADONA"]
[Result "1-0"]
[WhiteElo "1886"]
[BlackElo "1663"]
[PlyCount "65"]
[EventDate "2018.??.??"]
[EventType "blitz"]

1. e4 e5 2. Nf3 Nc6 3. c3 d5 4. Bb5 f6 5. Qa4 Nge7 6. exd5 Qxd5 7. O-O a6 8.
Bc4 Qd6 9. d4 b5 10. Bxb5 axb5 11. Qxa8 e4 12. Nfd2 f5 13. a4 b4 14. Nc4 Qe6
15. Na5 g6 16. Bg5 Nxa5 17. Qxa5 b3 18. Qxc7 Bg7 19. Nd2 Bf6 20. Bxf6 Qxf6 21.
Qe5 O-O 22. Qxf6 Rxf6 23. Nxb3 f4 24. Nc5 Bf5 25. Rfe1 e3 26. fxe3 f3 27. gxf3
Bh3 28. Kf2 Nf5 29. Ne4 Rf8 30. a5 Nh4 31. Nd2 g5 32. Rg1 h6 33. a6 {Black
resigns} 1-0

[Event "FICS rated standard game"]
[Site "FICS freechess.org"]
[Date "2018.01.26"]
[Round "?"]
[White "proximab"]
[Black "GayanovK"]
[Result "1-0"]
[WhiteElo "2180"]
[BlackElo "1822"]
[PlyCount "51"]
[EventDate "2018.??.??"]

1. e4 e5 2. Nf3 Nc6 3. c3 Bc5 4. b4 Bb6 5. b5 Na5 6. d4 exd4 7. cxd4 Nf6 8. e5
Nd5 9. Bg5 f6 10. exf6 Nxf6 11. Qe2+ Qe7 12. Qxe7+ Kxe7 13. Bd3 d6 14. Nc3 h6
15. Nd5+ Kf7 16. Bxf6 gxf6 17. O-O Bg4 18. Nxb6 axb6 19. Nh4 Rhg8 20. Rac1 Rac8
21. Nf5 Rh8 22. Rfe1 Bxf5 23. Bxf5 Rce8 24. Rxc7+ Kf8 25. Rxe8+ Kxe8 26. Rc8+ {
Black resigns} 1-0

[Event "FICS rated blitz game"]
[Site "FICS freechess.org"]
[Date "2018.01.26"]
[Round "?"]
[White "lailasbar"]
[Black "Orienteer"]
[Result "1-0"]
[WhiteElo "1525"]
[BlackElo "1488"]
[PlyCount "67"]
[EventDate "2018.??.??"]
[EventType "blitz"]

1. e4 e5 2. Nf3 Nc6 3. c3 d6 4. d4 exd4 5. cxd4 Bg4 6. Be2 Be7 7. Be3 Nf6 8.
Nc3 O-O 9. O-O a6 10. d5 Ne5 11. Nxe5 Bxe2 12. Nxf7 Rxf7 13. Qxe2 Qf8 14. f3
Nh5 15. g3 Bf6 16. Rac1 Bxc3 17. bxc3 Nf6 18. c4 b6 19. a4 a5 20. Bd4 Nd7 21.
f4 Re8 22. e5 dxe5 23. fxe5 Rxf1+ 24. Rxf1 Qe7 25. e6 Nf6 26. Bxf6 gxf6 27.
Qg4+ Qg7 28. Rf4 Kf8 29. Qf5 Ke7 30. Rg4 Qf8 31. Qxh7+ Kd6 32. Qd3 f5 33. Rf4
Qf6 34. Rxf5 1-0

[Event "FICS rated standard game"]
[Site "FICS freechess.org"]
[Date "2018.01.26"]
[Round "?"]
[White "Mukulram"]
[Black "kasperchess"]
[Result "0-1"]
[WhiteElo "1698"]
[BlackElo "1876"]
[PlyCount "66"]
[EventDate "2018.??.??"]

1. e4 e5 2. Nf3 Nc6 3. c3 d6 4. d4 Bg4 5. d5 Nce7 6. Bg5 h6 7. Bh4 g6 8. Qb3 b6
9. Nbd2 Bg7 10. h3 Bd7 11. Bd3 Nf6 12. O-O O-O 13. Bg3 Nh5 14. Bh2 f5 15. Qc2
Kh7 16. Nh4 Nxd5 17. Nxg6 Kxg6 18. exd5 e4 19. Nxe4 fxe4 20. Bxe4+ Bf5 21. g4
Bxe4 22. Qxe4+ Kf7 23. gxh5 Qg5+ 24. Kh1 Be5 25. Bxe5 Qxe5 26. Qxe5 dxe5 27.
Rae1 Kf6 28. Rg1 Rg8 29. Rg6+ Rxg6 30. hxg6 Rg8 31. Rg1 Rxg6 32. Rxg6+ Kxg6 33.
Kg2 Kf5 0-1

[Event "FICS rated blitz game"]
[Site "FICS freechess.org"]
[Date "2018.01.26"]
[Round "?"]
[White "denk"]
[Black "JOAQUINMACGREGOR"]
[Result "0-1"]
[WhiteElo "1388"]
[BlackElo "1390"]
[PlyCount "61"]
[EventDate "2018.??.??"]
[EventType "blitz"]

1. e4 e5 2. Nf3 Nc6 3. c3 f5 4. exf5 Nf6 5. d4 e4 6. Ne5 d6 7. Nxc6 bxc6 8. Bc4
d5 9. Be2 Bxf5 10. O-O Qd7 11. c4 Bd6 12. cxd5 cxd5 13. Bg5 Ng4 14. Bxg4 Bxg4
15. Qb3 c6 16. f4 Be2 17. Nd2 Bxf1 18. Rxf1 O-O 19. Nxe4 Bxf4 20. Nc5 Qg4 21.
Bxf4 Rxf4 22. Rxf4 Qxf4 23. h3 Qxd4+ 24. Kh2 Qxc5 25. Qb7 Rf8 26. b4 Qb6 27.
Qe7 d4 28. a4 d3 29. Qe6+ Kh8 30. Qd6 Qb8 31. Qxb8 {White resigns} 0-1

[Event "FICS rated blitz game"]
[Site "FICS freechess.org"]
[Date "2018.01.26"]
[Round "?"]
[White "jancha"]
[Black "chessnyc"]
[Result "0-1"]
[WhiteElo "1545"]
[BlackElo "1548"]
[PlyCount "86"]
[EventDate "2018.??.??"]
[EventType "blitz"]

1. e4 e5 2. Nf3 Nc6 3. c3 Nf6 4. Qc2 d6 5. Be2 Be6 6. d3 Qd7 7. Be3 Ng4 8. h3
Nxe3 9. fxe3 O-O-O 10. Nbd2 f5 11. exf5 Bxf5 12. O-O-O Bg6 13. Nc4 Bf7 14. d4
e4 15. Qxe4 d5 16. Nb6+ axb6 17. Qc2 Na5 18. Ne5 Qe7 19. b4 Nc4 20. Qa4 Nxe5
21. dxe5 Kb8 22. Bf3 Qxe5 23. Qb3 Qxe3+ 24. Kb1 Bg6+ 25. Ka1 c6 26. Rhe1 Qf4
27. b5 Qc4 28. Qxc4 dxc4 29. Rxd8+ Kc7 30. Ra8 Bb4 31. cxb4 Rxa8 32. Re7+ Kd6
33. Rxb7 cxb5 34. Rxb6+ Kc7 35. Rxb5 Ra3 36. Rc5+ Kd6 37. Rxc4 Bf7 38. Rc2 Bb3
39. Rb2 Bc4 40. Kb1 Bd3+ 41. Ka1 Bb5 42. Be2 Bxe2 43. Rxe2 Rc3 0-1

[Event "FICS rated blitz game"]
[Site "FICS freechess.org"]
[Date "2018.01.26"]
[Round "?"]
[White "sasfro"]
[Black "cimabue"]
[Result "1-0"]
[WhiteElo "1366"]
[BlackElo "1252"]
[PlyCount "71"]
[EventDate "2018.??.??"]
[EventType "blitz"]

1. e4 e5 2. Nf3 Nc6 3. c3 Nf6 4. d4 Nxe4 5. d5 Ne7 6. Nxe5 Nf6 7. Bg5 Nexd5 8.
Bc4 c6 9. Bxd5 cxd5 10. O-O Qe7 11. Re1 Qd6 12. Nc4+ Qe6 13. Rxe6+ dxe6 14.
Bxf6 gxf6 15. Ne3 Bc5 16. Qf3 f5 17. b4 Bb6 18. a4 a6 19. a5 Ba7 20. Na3 Bd7
21. c4 O-O-O 22. cxd5 exd5 23. Rc1+ Bc6 24. b5 axb5 25. Nxb5 Bxe3 26. Qxe3 Kb8
27. Qa7+ Kc8 28. Nd4 Kd7 29. Nxc6 Ke8 30. Ne5 Kf8 31. Qxb7 Kg7 32. Qxf7+ Kh6
33. Rc6+ Kg5 34. g3 Rdf8 35. Qg7+ Kh5 36. Rh6# {Black checkmated} 1-0

[Event "FICS rated blitz game"]
[Site "FICS freechess.org"]
[Date "2018.01.26"]
[Round "?"]
[White "RADACK"]
[Black "grafikos"]
[Result "0-1"]
[WhiteElo "1594"]
[BlackElo "1921"]
[PlyCount "42"]
[EventDate "2018.??.??"]
[EventType "blitz"]

1. e4 e5 2. Nf3 Nc6 3. c3 Nf6 4. Qc2 d5 5. exd5 Nxd5 6. d4 exd4 7. cxd4 Be7 8.
Nc3 O-O 9. Be2 Bf6 10. Be3 Nxe3 11. fxe3 Re8 12. Qd2 Bg4 13. O-O-O Nb4 14. a3
Nd5 15. Nxd5 Qxd5 16. Kb1 Qe4+ 17. Bd3 Qxe3 18. Qc2 g6 19. Rhe1 Qf4 20. Rf1 Qd6
21. h3 Be6 0-1

[Event "FICS unrated blitz game"]
[Site "FICS freechess.org"]
[Date "2018.01.26"]
[Round "?"]
[White "Toddskins"]
[Black "inherentbeauty"]
[Result "1-0"]
[WhiteElo "1288"]
[BlackElo "1389"]
[PlyCount "95"]
[EventDate "2018.??.??"]
[EventType "blitz"]

1. e4 e5 2. Nf3 Nc6 3. c3 Nf6 4. d3 d5 5. exd5 Nxd5 6. Be2 Bd6 7. O-O O-O 8.
Re1 f5 9. Bg5 Qe8 10. Kh1 Qg6 11. Bf1 h6 12. Bd2 f4 13. c4 Nf6 14. Nc3 Ng4 15.
Re2 Ne7 16. Ne4 Bf5 17. a3 Bxe4 18. dxe4 Bc5 19. Be1 Nc6 20. b4 Bd4 21. Rb1
Rad8 22. Qc2 Ne3 23. fxe3 fxe3 24. Bc3 Qh5 25. Bxd4 Nxd4 26. Nxd4 exd4 27. Qd3
Rf4 28. Rxe3 dxe3 29. Qxd8+ Kh7 30. Qd3 Rh4 31. e5+ Kh8 32. Qd8+ Kh7 33. Bd3+
g6 34. Qxc7+ Kg8 35. Qd8+ Kh7 36. Qe7+ Kg8 37. Qe8+ Kg7 38. Qxg6+ Qxg6 39. Bxg6
Kxg6 40. g3 Re4 41. Kg2 Rxe5 42. Re1 Kg5 43. Kf3 h5 44. Rxe3 Rxe3+ 45. Kxe3 Kg4
46. Kf2 Kh3 47. Kg1 Kg4 48. Kf2 {Black resigns} 1-0

[Event "FICS rated blitz game"]
[Site "FICS freechess.org"]
[Date "2018.01.26"]
[Round "?"]
[White "TheOffice"]
[Black "wuvo"]
[Result "0-1"]
[WhiteElo "1975"]
[BlackElo "1890"]
[PlyCount "66"]
[EventDate "2018.??.??"]
[EventType "blitz"]

1. e4 e5 2. Nf3 Nc6 3. c3 d5 4. Qa4 f6 5. Bb5 dxe4 6. Bxc6+ bxc6 7. Qxc6+ Bd7
8. Qxe4 Ne7 9. O-O Bc6 10. Qe2 Nd5 11. d4 Be7 12. dxe5 O-O 13. e6 Re8 14. Nd4
Bb7 15. Qg4 Bf8 16. Re1 Kh8 17. Nd2 g6 18. f4 f5 19. Qe2 Bg7 20. N2b3 Qe7 21.
Na5 Bc8 22. Nac6 Qd6 23. Bd2 Nf6 24. e7 Ne4 25. Be3 Bd7 26. Qc4 Rxe7 27. Nxe7
Qxe7 28. Qxc7 Qe8 29. Nb3 a6 30. Nc5 Bc6 31. Nxe4 Bxe4 32. Rad1 Rc8 33. Rd7
Rxc7 0-1

[Event "FICS rated blitz game"]
[Site "FICS freechess.org"]
[Date "2018.01.26"]
[Round "?"]
[White "climbit"]
[Black "frunze"]
[Result "1-0"]
[WhiteElo "1653"]
[BlackElo "1806"]
[PlyCount "89"]
[EventDate "2018.??.??"]
[EventType "blitz"]

1. e4 e5 2. Nf3 Nc6 3. c3 d5 4. exd5 Qxd5 5. d3 Bc5 6. Be3 f5 7. Bxc5 Qxc5 8.
Nbd2 Nf6 9. Nb3 Qd5 10. Qe2 O-O 11. O-O-O Bd7 12. d4 e4 13. Nfd2 f4 14. f3 e3
15. Nc4 Bf5 16. g3 g5 17. gxf4 gxf4 18. Rg1+ Kh8 19. Rg5 h6 20. Rg1 Bh7 21. h4
Qf5 22. Qd3 Qxd3 23. Bxd3 Bxd3 24. Rxd3 Rg8 25. Re1 Rg3 26. Nc5 b6 27. Ne6 Rxf3
28. d5 Ne7 29. Ne5 Rf2 30. Nxc7 Rd8 31. d6 Nf5 32. Nf7+ Kg7 33. Nxd8 e2 34.
Nde6+ Kf7 35. Nxf4 Rxf4 36. Rxe2 Rf1+ 37. Kc2 Nd7 38. Nb5 a6 39. Nc7 a5 40. Nb5
Rf4 41. Rdd2 Rxh4 42. Rf2 Kf6 43. Rd5 Rh5 44. Nd4 Kg6 45. Nxf5 {Black resigns}
1-0

[Event "FICS rated blitz game"]
[Site "FICS freechess.org"]
[Date "2018.01.26"]
[Round "?"]
[White "bobbydaffy"]
[Black "Tordan"]
[Result "1-0"]
[WhiteElo "1342"]
[BlackElo "1183"]
[PlyCount "31"]
[EventDate "2018.??.??"]
[EventType "blitz"]

1. e4 e5 2. Nf3 Nc6 3. c3 Bc5 4. d4 exd4 5. cxd4 Bb4+ 6. Nc3 d5 7. e5 Bf5 8.
Bd3 Be4 9. O-O Nge7 10. Bxe4 Bxc3 11. bxc3 dxe4 12. Ng5 f5 13. Ne6 Qd7 14.
Nxg7+ Kf7 15. Bh6 Kg6 16. Qh5# {Black checkmated} 1-0

[Event "FICS rated standard game"]
[Site "FICS freechess.org"]
[Date "2018.01.26"]
[Round "?"]
[White "uluat"]
[Black "gmErfan"]
[Result "0-1"]
[WhiteElo "1926"]
[BlackElo "1877"]
[PlyCount "46"]
[EventDate "2018.??.??"]

1. e4 e5 2. Nf3 Nc6 3. c3 d5 4. c4 dxe4 5. Ng1 Nf6 6. Be2 Bc5 7. f3 O-O 8. d3
Qd4 9. Nh3 Bxh3 10. Rf1 Bxg2 11. Kd2 exd3 12. Bxd3 Rad8 13. Qe2 Bxf1 14. Qxf1
e4 15. Ke1 exd3 16. Nd2 Rfe8+ 17. Kd1 Re2 18. Qh3 Qg1+ 19. Nf1 Rxh2 20. Qxh2
Qxf1+ 21. Kd2 Bb4+ 22. Ke3 Qe1+ 23. Kf4 Qe5# {White checkmated} 0-1

[Event "FICS rated standard game"]
[Site "FICS freechess.org"]
[Date "2018.01.26"]
[Round "?"]
[White "proximab"]
[Black "WimpyKid"]
[Result "1-0"]
[WhiteElo "2157"]
[BlackElo "1648"]
[PlyCount "21"]
[EventDate "2018.??.??"]

1. e4 e5 2. Nf3 Nc6 3. c3 Nf6 4. d4 d6 5. d5 b6 6. Bb5 Be7 7. Bxc6+ Bd7 8. Bxa8
Qxa8 9. Qd3 O-O 10. O-O a6 11. c4 1-0

[Event "FICS rated blitz game"]
[Site "FICS freechess.org"]
[Date "2018.01.26"]
[Round "?"]
[White "climbit"]
[Black "SuperGroverThree"]
[Result "1-0"]
[WhiteElo "1643"]
[BlackElo "1714"]
[PlyCount "87"]
[EventDate "2018.??.??"]
[EventType "blitz"]

1. e4 e5 2. Nf3 Nc6 3. c3 Nf6 4. d4 exd4 5. e5 Nd5 6. cxd4 d6 7. Bb5 Bd7 8. O-O
dxe5 9. dxe5 Nb6 10. Bg5 Be7 11. Bxe7 Qxe7 12. Nc3 O-O 13. Nd5 Nxd5 14. Qxd5
Rad8 15. Bxc6 Bxc6 16. Qb3 Rfe8 17. Rae1 Rd5 18. h3 Red8 19. h4 Rd3 20. Qc4
Bxf3 21. e6 f6 22. gxf3 R8d4 23. Qb5 Rxf3 24. Qxb7 Rh3 25. f3 f5 26. Re2 Rhxh4
27. Rg2 h6 28. Qc8+ Kh7 29. Rc1 Qb4 30. Qxc7 Qf8 31. e7 Qe8 32. Qe5 g6 33. Rgc2
Rhg4+ 34. fxg4 Rxg4+ 35. Kh1 Qf7 36. e8=Q Rh4+ 37. Rh2 Rxh2+ 38. Kxh2 Qxe8 39.
Qxe8 h5 40. Rc7+ Kh6 41. Qe3+ g5 42. Rc6+ Kh7 43. Qe7+ Kh8 44. Rc8# {Black
checkmated} 1-0

[Event "FICS unrated blitz game"]
[Site "FICS freechess.org"]
[Date "2018.01.26"]
[Round "?"]
[White "mohdriaz"]
[Black "hamaru"]
[Result "1-0"]
[WhiteElo "1235"]
[BlackElo "1344"]
[PlyCount "47"]
[EventDate "2018.??.??"]
[EventType "blitz"]

1. e4 Nc6 2. Nf3 e5 3. c3 Nf6 4. Bc4 Bc5 5. O-O O-O 6. b4 Be7 7. d4 exd4 8. e5
Ne4 9. cxd4 Bxb4 10. d5 Na5 11. Bd3 Nc5 12. a3 Nxd3 13. Qxd3 Bc5 14. Ng5 g6 15.
Nf3 d6 16. Qc3 b6 17. Bh6 Re8 18. e6 f6 19. Ng5 Qe7 20. Nf7 c6 21. Bg5 cxd5 22.
Bxf6 Qxe6 23. Nh6+ Kf8 24. Qf3 1-0

[Event "FICS rated blitz game"]
[Site "FICS freechess.org"]
[Date "2018.01.26"]
[Round "?"]
[White "morts"]
[Black "DevFortyTwo"]
[Result "1-0"]
[WhiteElo "1204"]
[BlackElo "1082"]
[PlyCount "67"]
[EventDate "2018.??.??"]
[EventType "blitz"]

1. e4 e5 2. Nf3 Nc6 3. c3 a6 4. d4 d6 5. d5 Na7 6. Be2 Nf6 7. Nbd2 Be7 8. O-O
Qd7 9. Qc2 b6 10. b4 Bb7 11. c4 c5 12. bxc5 bxc5 13. Bd1 O-O 14. a4 a5 15. Nb3
Nc8 16. Bd2 Qg4 17. Nxa5 Qxe4 18. Qxe4 Nxe4 19. Nxb7 Rb8 20. Na5 Nb6 21. Nc6
Rb7 22. a5 Nxc4 23. a6 Rb2 24. Ba5 Nxa5 25. Nxe7+ Kh8 26. Rxa5 Nd2 27. Re1
Nxf3+ 28. Bxf3 f5 29. a7 g5 30. a8=Q Rxa8 31. Rxa8+ Kg7 32. Nxf5+ Kg6 33. Nxd6
e4 34. Nxe4 {Black resigns} 1-0

[Event "FICS rated blitz game"]
[Site "FICS freechess.org"]
[Date "2018.01.26"]
[Round "?"]
[White "JoaoC"]
[Black "Runcastle"]
[Result "1-0"]
[WhiteElo "1506"]
[BlackElo "1272"]
[PlyCount "35"]
[EventDate "2018.??.??"]
[EventType "blitz"]

1. e4 e5 2. Nf3 Nc6 3. c3 Nf6 4. d3 Be7 5. Be2 O-O 6. Nbd2 d5 7. exd5 Nxd5 8.
Ne4 Nf4 9. Bxf4 exf4 10. d4 f5 11. Ned2 Bg5 12. O-O Re8 13. Bc4+ Kh8 14. Re1
Bh6 15. Bb5 Bd7 16. Bxc6 Bxc6 17. Ne5 Qd6 18. Nf7+ {Black resigns} 1-0

[Event "FICS rated standard game"]
[Site "FICS freechess.org"]
[Date "2018.01.26"]
[Round "?"]
[White "proximab"]
[Black "scuberthouse"]
[Result "1-0"]
[WhiteElo "2170"]
[BlackElo "1441"]
[PlyCount "27"]
[EventDate "2018.??.??"]

1. e4 e5 2. Nf3 Nc6 3. c3 b6 4. Bc4 Na5 5. Nxe5 Nxc4 6. Nxc4 Qf6 7. Qh5 Bc5 8.
d4 g6 9. Qd5 c6 10. Qe5+ Be7 11. Nd6+ Qxd6 12. Qxh8 Kf8 13. e5 Qd5 14. Bh6+ {
Black resigns} 1-0

[Event "FICS rated blitz game"]
[Site "FICS freechess.org"]
[Date "2018.01.26"]
[Round "?"]
[White "bobbydaffy"]
[Black "Groll"]
[Result "1-0"]
[WhiteElo "1352"]
[BlackElo "1516"]
[PlyCount "57"]
[EventDate "2018.??.??"]
[EventType "blitz"]

1. e4 e5 2. Nf3 Nc6 3. c3 d5 4. d4 dxe4 5. Ng5 exd4 6. Bc4 Ne5 7. Bb3 Be7 8.
Nxe4 dxc3 9. Qh5 Nd3+ 10. Kf1 g6 11. Qb5+ c6 12. Qc4 Be6 13. Qxc3 Nf6 14. Bxe6
Nxc1 15. Bxf7+ Kxf7 16. Ng5+ Ke8 17. Qxc1 Qd5 18. Nc3 Qc4+ 19. Kg1 Nd5 20. Nxd5
Qxd5 21. h4 Rf8 22. Qe3 Qc5 23. Ne6 Qxe3 24. fxe3 Rc8 25. Nxf8 Bxf8 26. Kf2 Bc5
27. Rhd1 Kf7 28. Rd7+ Kf6 29. Rxh7 1-0

[Event "FICS rated blitz game"]
[Site "FICS freechess.org"]
[Date "2018.01.26"]
[Round "?"]
[White "NicolausSilver"]
[Black "deaddumbledore"]
[Result "1-0"]
[WhiteElo "1297"]
[BlackElo "1249"]
[PlyCount "73"]
[EventDate "2018.??.??"]
[EventType "blitz"]

1. e4 e5 2. Nf3 Nc6 3. c3 a6 4. b4 b5 5. a4 Bb7 6. axb5 axb5 7. Rxa8 Qxa8 8.
Ng5 Qa2 9. Bd3 Be7 10. Nxf7 Qxf7 11. O-O Na7 12. Na3 c6 13. c4 Nf6 14. cxb5
Bxb4 15. bxc6 Bxc6 16. Nc4 O-O 17. Nxe5 Qe6 18. Bc4 d5 19. exd5 Nxd5 20. Qf3
Rxf3 21. Nxf3 Kh8 22. Re1 Qf5 23. Nd4 Qf8 24. Nxc6 Nxc6 25. Bxd5 Ne7 26. Bb3 h6
27. Re3 Bc5 28. Rf3 Qb8 29. h3 Ng6 30. Bc4 Ne5 31. Rg3 Nxc4 32. d3 Qb1 33. Kh2
Bxf2 34. Rf3 Bg1+ 35. Kxg1 Qxc1+ 36. Kh2 Ne5 37. Rf8+ 1-0

[Event "FICS rated standard game"]
[Site "FICS freechess.org"]
[Date "2018.01.26"]
[Round "?"]
[White "GrandmaLurKing"]
[Black "Italymoinuddin"]
[Result "1-0"]
[WhiteElo "1535"]
[BlackElo "1138"]
[PlyCount "30"]
[EventDate "2018.??.??"]

1. e4 e5 2. Nf3 Nc6 3. c3 Bc5 4. d4 Bb6 5. g4 Qf6 6. d5 Nce7 7. Na3 a6 8. Nc4
Bc5 9. Bd3 b5 10. Ncxe5 Bb7 11. Bg5 Qb6 12. Qb3 Bxf2+ 13. Kd1 f6 14. d6 Qxd6
15. Qf7+ Kd8 1-0

[Event "FICS rated blitz game"]
[Site "FICS freechess.org"]
[Date "2018.01.26"]
[Round "?"]
[White "mohdriaz"]
[Black "Cibola"]
[Result "0-1"]
[WhiteElo "1249"]
[BlackElo "1295"]
[PlyCount "82"]
[EventDate "2018.??.??"]
[EventType "blitz"]

1. e4 e5 2. Nf3 Nc6 3. c3 Bc5 4. Bc4 Nf6 5. Bxf7+ Kxf7 6. Ng5+ Ke8 7. Qb3 Qe7
8. O-O h6 9. Nf3 Nxe4 10. d4 exd4 11. cxd4 Bxd4 12. Nxd4 Nxd4 13. Qd3 c5 14.
Bf4 d5 15. Nc3 Nxc3 16. bxc3 Nc6 17. Rfe1 Be6 18. Qg6+ Kd7 19. Rad1 Rhf8 20.
Bg3 Rf6 21. Qc2 Re8 22. c4 d4 23. Qa4 Kc8 24. f4 Qc7 25. f5 Bd7 26. Bxc7 Kxc7
27. Rxe8 Bxe8 28. Re1 Bd7 29. Qc2 Nb4 30. Qf2 Nd3 31. Qg3+ Kc6 32. Rd1 Nb4 33.
a3 Na6 34. Qxg7 Rd6 35. Qe5 b5 36. cxb5+ Kxb5 37. Rb1+ Kc6 38. a4 Nb4 39. Qe2
Bxf5 40. Qb5+ Kd5 41. Rc1 a6 0-1

[Event "FICS rated blitz game"]
[Site "FICS freechess.org"]
[Date "2018.01.26"]
[Round "?"]
[White "kiknit"]
[Black "smallpuppy"]
[Result "1-0"]
[WhiteElo "1483"]
[BlackElo "1642"]
[PlyCount "79"]
[EventDate "2018.??.??"]
[EventType "blitz"]

1. e4 e5 2. Nf3 Nc6 3. c3 d6 4. Bc4 Be7 5. d4 exd4 6. cxd4 Nf6 7. e5 dxe5 8.
Qb3 O-O 9. dxe5 Ng4 10. O-O Ngxe5 11. Nxe5 Nxe5 12. Be2 Bd6 13. Qg3 Qf6 14. Bg5
Qg6 15. Qh4 h6 16. Be7 Re8 17. Bxd6 cxd6 18. Nc3 Bd7 19. Rad1 Bc6 20. f3 Re6
21. Ne4 d5 22. Nc5 Re7 23. Qxe7 Re8 24. Qh4 b6 25. Nd3 Nc4 26. Nf4 Qc2 27. Bd3
Qxb2 28. Nh5 Ne3 29. Qg3 Nxd1 30. Rxd1 Qd4+ 31. Kh1 Qc3 32. Nf4 b5 33. Rg1 b4
34. Nh5 a5 35. Ba6 a4 36. Bf1 b3 37. axb3 axb3 38. Bd3 b2 39. Bb1 d4 40. Qxg7#
{Black checkmated} 1-0

[Event "FICS rated blitz game"]
[Site "FICS freechess.org"]
[Date "2018.01.26"]
[Round "?"]
[White "gmarius"]
[Black "peterjohn"]
[Result "1-0"]
[WhiteElo "1204"]
[BlackElo "1149"]
[PlyCount "109"]
[EventDate "2018.??.??"]
[EventType "blitz"]

1. e4 e5 2. Nf3 Nc6 3. c3 Bc5 4. d3 Nf6 5. Be2 h6 6. h3 O-O 7. Nbd2 a6 8. Nf1
b5 9. Ng3 d5 10. Qc2 dxe4 11. dxe4 b4 12. O-O Bb7 13. Be3 Qe7 14. Nf5 Qe6 15.
Rad1 Ne7 16. Bxc5 Bxe4 17. Nxh6+ gxh6 18. Qd2 Rfe8 19. Qxh6 Nf5 20. Qc1 Nd7 21.
cxb4 Nxc5 22. bxc5 c6 23. Qg5+ Qg6 24. Qxg6+ fxg6 25. Ng5 Rab8 26. Rd7 Rxb2 27.
Bc4+ Bd5 28. Bxd5+ cxd5 29. Rxd5 Kg7 30. Re1 Rxa2 31. Rexe5 Rxe5 32. Rxe5 Kf6
33. f4 Ra1+ 34. Kh2 Rf1 35. Re6+ Kg7 36. c6 Rxf4 37. c7 Rc4 38. Rxa6 Rxc7 39.
Ne6+ Kf7 40. Nxc7 Ke7 41. Nd5+ Kf7 42. g4 Nd4 43. Kg3 Ne2+ 44. Kf3 Nd4+ 45. Ke4
Ne6 46. Ke5 Ng5 47. Rf6+ Kg7 48. Nf4 Nf3+ 49. Ke6 Nd4+ 50. Ke7 g5 51. Rg6+ Kh7
52. Rxg5 Nc6+ 53. Kf6 Nd4 54. Rg7+ Kh8 55. Ng6# {Black checkmated} 1-0

[Event "FICS rated blitz game"]
[Site "FICS freechess.org"]
[Date "2018.01.26"]
[Round "?"]
[White "ELSANU"]
[Black "AnderssenA"]
[Result "0-1"]
[WhiteElo "1425"]
[BlackElo "2504"]
[PlyCount "72"]
[EventDate "2018.??.??"]
[EventType "blitz"]

1. e4 e5 2. Nf3 Nc6 3. c3 d5 4. d3 dxe4 5. dxe4 Qxd1+ 6. Kxd1 Bc5 7. Be3 Bxe3
8. fxe3 Be6 9. Bb5 Nge7 10. Nbd2 f6 11. Ke2 Kd7 12. b4 Nc8 13. Rhd1 Nd6 14. Bd3
a5 15. b5 Nd8 16. a4 b6 17. c4 N8b7 18. Nb3 c6 19. Nfd2 cxb5 20. axb5 a4 21.
Nc1 Bg4+ 22. Nf3 Nc5 23. h3 Be6 24. Na2 Nxd3 25. Kxd3 Bxc4+ 26. Kc3 Rhc8 27.
Kb4 Bb3 28. Rdc1 Bxa2 29. Rxc8 Rxc8 30. Rxa2 Rc4+ 31. Ka3 Nxb5+ 32. Kb2 Rxe4
33. Nd2 Rxe3 34. Nc4 a3+ 35. Kc2 Rc3+ 36. Kd2 Rxc4 {White resigns} 0-1

[Event "FICS rated blitz game"]
[Site "FICS freechess.org"]
[Date "2018.01.26"]
[Round "?"]
[White "kiknit"]
[Black "pmiral"]
[Result "1-0"]
[WhiteElo "1504"]
[BlackElo "1594"]
[PlyCount "103"]
[EventDate "2018.??.??"]
[EventType "blitz"]

1. e4 e5 2. Nf3 Nc6 3. c3 Bc5 4. Bc4 Nf6 5. Ng5 O-O 6. d4 exd4 7. cxd4 Bxd4 8.
Nc3 Bxc3+ 9. bxc3 Ne5 10. Bb3 d6 11. O-O Bd7 12. h4 h6 13. Nf3 Bg4 14. Bxh6
gxh6 15. Qe2 Nxf3+ 16. gxf3 Bh3 17. Rfe1 Nh5 18. Qe3 Qf6 19. Kh2 Qf4+ 20. Qxf4
Nxf4 21. Kg3 Nd3 22. Re3 Nc5 23. Bc2 Be6 24. Rg1 Kh8 25. Kh2 f5 26. e5 f4 27.
Ree1 Rg8 28. Bg6 Bd5 29. exd6 cxd6 30. Re7 Rg7 31. Rxg7 Kxg7 32. Be4+ Kf6 33.
Bxd5 Re8 34. h5 Re2 35. Rg6+ Ke7 36. Kg2 Nd3 37. Rxh6 Rxf2+ 38. Kg1 Rd2 39.
Rh7+ Kf6 40. Rxb7 Rd1+ 41. Kg2 Rd2+ 42. Kg1 Rd1+ 43. Kg2 Rd2+ 44. Kh3 Nf2+ 45.
Kh4 Nd3 46. Rxa7 Rh2+ 47. Kg4 Nf2+ 48. Kxf4 Rh4+ 49. Kg3 Rh3+ 50. Kxf2 Rxh5 51.
Ra6 Rxd5 52. c4 1-0

[Event "FICS rated lightning game"]
[Site "FICS freechess.org"]
[Date "2018.01.26"]
[Round "?"]
[White "fastfoxy"]
[Black "javierrivas"]
[Result "0-1"]
[WhiteElo "1691"]
[BlackElo "1964"]
[PlyCount "62"]
[EventDate "2018.??.??"]

1. e4 e5 2. Nf3 Nc6 3. c3 Bc5 4. Bc4 d6 5. O-O Bg4 6. h3 h5 7. hxg4 hxg4 8. d4
exd4 9. cxd4 gxf3 10. Qxf3 Qf6 11. dxc5 Qxf3 12. gxf3 Ne5 13. Nd2 dxc5 14. f4
Nxc4 15. Nxc4 Nf6 16. e5 Nd5 17. Be3 b6 18. Rad1 O-O-O 19. Rd3 Rh6 20. Rfd1
Rg6+ 21. Kf1 Nxe3+ 22. Nxe3 Rh8 23. Ke2 Re6 24. Kf3 f6 25. Ke4 fxe5 26. fxe5
Rhe8 27. f4 g5 28. Rd5 gxf4 29. Kxf4 c6 30. Rd6 Rxe5 31. Rxc6+ Kb7 {White
resigns} 0-1

[Event "FICS rated blitz game"]
[Site "FICS freechess.org"]
[Date "2018.01.26"]
[Round "?"]
[White "climbit"]
[Black "SuperGroverThree"]
[Result "0-1"]
[WhiteElo "1639"]
[BlackElo "1718"]
[PlyCount "108"]
[EventDate "2018.??.??"]
[EventType "blitz"]

1. e4 e5 2. Nf3 Nc6 3. c3 Nf6 4. d4 exd4 5. e5 Nd5 6. cxd4 d6 7. Bb5 Bg4 8. Qb3
Be6 9. O-O Be7 10. Bd2 O-O 11. Bxc6 bxc6 12. Nc3 Ne3 13. d5 Nxf1 14. dxe6 Nxd2
15. exf7+ Rxf7 16. Nxd2 dxe5 17. Nde4 Rb8 18. Qc4 Qd4 19. Qxc6 Rd8 20. h3 Bh4
21. Qe6 Bxf2+ 22. Nxf2 Qxf2+ 23. Kh1 Rdf8 24. Ne4 Qf5 25. Qxf5 Rxf5 26. Kg1 h6
27. Re1 Rb8 28. b3 Rb4 29. Nc5 a5 30. Na6 Rbf4 31. Nxc7 Rf2 32. a3 Ra2 33. a4
Rff2 34. Nd5 Rxg2+ 35. Kh1 Rh2+ 36. Kg1 Rhg2+ 37. Kh1 Rh2+ 38. Kg1 Rxh3 39. Ne3
Ra3 40. Ng2 Raxb3 41. Rxe5 Rhg3 42. Re8+ Kf7 43. Re5 Rb2 44. Rf5+ Kg6 45. Rf2
Rxg2+ 46. Kxg2 Rxf2+ 47. Kxf2 Kf5 48. Ke3 Ke5 49. Kd3 Kd5 50. Ke3 Kc4 51. Ke4
Kb4 52. Kf5 Kxa4 53. Kg6 Kb4 54. Kxg7 h5 {White resigns} 0-1